| 000 | 00623nam a2200229Ia 4500 | ||
|---|---|---|---|
| 003 | OSt | ||
| 005 | 20221007075615.0 | ||
| 006 | a|||||r|||| 00| 0 | ||
| 007 | ta | ||
| 008 | 221006b |||||||| |||| 00| 0 eng d | ||
| 024 | _a11,986 | ||
| 037 | _cTextual | ||
| 040 |
_aFLL _cFLL _beng |
||
| 041 |
_2eng _aeng |
||
| 082 | _aV2:2:9Z, L7 | ||
| 100 | _aKagzi M.C.J. Au. | ||
| 245 | 0 | _aJune emergency constitutional amendments | |
| 260 |
_aNew Delhi _bMetropolitan book co. pvt. ltd. India _c1977 |
||
| 300 |
_a256p _ccm. |
||
| 942 |
_hV2:2:9Z, L7 _cTEXL _2CC |
||
| 999 |
_c1156716 _d1156716 |
||